Normal view
MARC view
- Gisela, Metha
Entry Personal Name
001 - CONTROL NUMBER
- control field: 7854
003 - CONTROL NUMBER IDENTIFIER
- control field: OSt
005 - DATE AND TIME OF LATEST TRANSACTION
- control field: 20260124144528.0
008 - FIXED-LENGTH DATA ELEMENTS
- fixed length control field: 260124|| aca||aabn | a|a d
040 ## - CATALOGING SOURCE
- Original cataloging agency: OSt
- Transcribing agency: OSt
100 ## - HEADING--PERSONAL NAME
- Personal name: Gisela, Metha
670 ## - SOURCE DATA FOUND
- Source citation: Work cat.: (OSt)367: Randhawa, M S. 7849, Farmers of India, Vol 3 / , 1964.
